[Event "EU-ch Hybrid U14"]
[Site "Tornelo INT"]
[Date "2021.10.15"]
[Round "3"]
[White "Lievens, Karel"]
[Black "Nemsadze, Daviti"]
[Result "0-1"]
[WhiteElo "1568"]
[BlackElo "1744"]
[PlyCount "70"]
[EventDate "2021.10.15"]
[EventType "swiss"]
[EventRounds "9"]
[EventCountry "NET"]
[SourceTitle "EXT 2023"]
[Source "ChessBase"]
[SourceDate "2022.10.05"]
[SourceVersion "1"]
[SourceVersionDate "2022.10.05"]
[SourceQuality "1"]
[WhiteTeam "Irland"]
[BlackTeam "Georgia"]
[WhiteTeamCountry "IRL"]
[BlackTeamCountry "GEO"]

1. e4 c5 2. Nf3 d6 3. Bb5+ Nd7 4. c3 a6 5. Ba4 b5 6. Bc2 c4 7. a4 Bb7 8. Nd4 e5 9. Nf5 Ngf6 10. Qe2 g6 11. Ng3 Bg7 12. Na3 Qb6 13. 0-0 0-0 14. d3 cxd3 15. Bxd3 bxa4 16. Nc4 Qc7 17. Rxa4 Nc5 18. Ra3 Rfd8 19. Na5 Nxd3 20. Qxd3 d5 21. Nxb7 Qxb7 22. exd5 Nxd5 23. Qe4 f5 24. Qc4 Kh8 25. Bg5 Rd6 26. Rd1 Nf4 27. Bxf4 Rxd1+ 28. Nf1 exf4 29. Qe2 Qd7 30. Qf3 Qd5 31. Qe2 Qd3 32. Qxd3 Rxd3 33. Rb3 Rd1 34. f3 Re8 35. Kf2 Bf8 0-1

[Event "Dublin-ch Final Weekender 100th"]
[Site "Dublin"]
[Date "2021.08.21"]
[Round "3"]
[White "Lievens, Karel"]
[Black "Gupta, Utkarsh1111"]
[Result "1/2-1/2"]
[WhiteElo "1512"]
[BlackElo "1868"]
[PlyCount "65"]
[EventDate "2021.08.20"]
[EventType "swiss"]
[EventRounds "5"]
[EventCountry "IRL"]
[SourceTitle "CBM 204 Extra"]
[Source "ChessBase"]
[SourceDate "2021.11.30"]
[SourceVersion "1"]
[SourceVersionDate "2021.11.30"]
[SourceQuality "1"]

1. e4 e6 2. d4 d5 3. exd5 exd5 4. Nf3 Nf6 5. Bd3 c5 6. 0-0 Be7 7. c3 0-0 8. h3 Nc6 9. Bf4 Qb6 10. Qd2 h6 11. dxc5 Bxc5 12. Re1 Be6 13. Na3 Rfd8 14. Bxh6 gxh6 15. Qxh6 Ne4 16. Bxe4 dxe4 17. Rxe4 Bf8 18. Qh5 Bg7 19. Ng5 Ne5 20. Nxe6 Qxe6 21. Rae1 Qg6 22. Rxe5 Bxe5 23. Qxe5 Re8 24. Qxe8+ Rxe8 25. Rxe8+ Kg7 26. Re7 Qa6 27. c4 Qb6 28. Re2 Qd6 29. Rc2 b6 30. g3 a6 31. Kg2 Qe6 32. Kh2 Qe4 33. c5 1/2-1/2